I - Things that start with the letter 'I' - Statistics

General Stats
  • This quiz has been taken 453 times
  • The average score is 12 of 20
Answer Stats
Hint Answer % Correct
Formerly known as Persia Iran
85%
It did for the Titanic Iceberg
84%
Someone who can neither read nor write can be termed this Illiterate
83%
The largest empire in pre-Columbian America Inca
83%
The 40th US President was the only one born and raised in this state Illinois
75%
English for 'Eire' Ireland
75%
A spike of ice formed when water dripping or falling from an object freezes Icicle
74%
Where do Hoosier's live Indiana
70%
Homer's text set during the Trojan War Iliad
68%
According to Genesis he was born of Abraham and Sarah Isaac
68%
A group of culturally similar indigenous peoples inhabiting the Arctic regions of Greeland, Canada and the US Inuit
64%
This city was originally called Byzantium Istanbul
63%
Country where the Haditha massacre took place Iraq
59%
A narrow strip of land connecting 2 larger ones, Panama is an example Isthmus
54%
The male version of a succubus Incubus
51%
In baseball, the diamond and the region beyond it that consists of grass and dirt Infield
46%
Element with the symbol Ir and atomic number 77 Iridium
43%
African antelope named after the Zulu word meaning, 'gazelle' Impala
36%
According to Genesis he was born of Abraham and Hagar Ishmael
29%
Dried rhizome and roots used to induce vomiting Ipecac
26%
No matching quizzes found
Score Distribution
Percent of People with Each Score
Percentile by Number Answered
Your Score History
You have not taken this quiz